La vie et la postérité de Vladimir Lénine - Statistiques

Statistiques générales
  • Ce quiz a été pris 2 277 fois
  • Le résultat moyen est 12 sur 20
Statistiques - réponses
Question Réponse % Correct
Personne ayant succédé à Lénine pour diriger ce pays Joseph Staline
89%
Nom de la tendance regroupant les partisans de Lénine (commence par B) Les Bolcheviks
88%
Nom du nouveau pays dont Lénine devint le premier dirigeant en 1922 L'Union Soviétique/URSS
87%
Vaste système de prisons et de camps de travail nationaux établis à partir de 1918 Les Goulags
84%
Ville nommée Leningrad de 1924 à 1991 Saint Pétersbourg
83%
Guerre dont Lénine a sorti la Russie La Première Guerre Mondiale
77%
Pays ayant alors renvoyé Lénine en Russie dans un "train plombé" pour déstabiliser le gouvernement alors en guerre L'Allemagne
76%
Parti politique dirigé par Lénine dans la suite de son parcours politique Le parti Communiste
73%
Personne que Lénine aurait supposément préféré voir à sa place Léon Trotski
68%
Armée ayant combattu contre Lénine durant la guerre civile russe L'Armée {Blanche}
62%
Place de Moscou où le corps embaumé de Lénine peut être admiré La Place Rouge
61%
Après sa mort, le "Léninisme" est associé à un autre terme issu d'un autre communiste célèbre pour former la doctrine officielle du bloc de l'Est Le {Marxisme}-Léninisme
61%
Pays dans lequel Lénine habitait avant de revenir en Russie en 1917 La Suisse
49%
Véritable nom de Lénine Vladimir Ilitch Oulianov
47%
Nom des paysans propriétaires bourgeois que Lénine a persécutés (commence par K) Les Koulaks
42%
Campagne de répression entre 1918 et 1922 estimée avoir mené à la mort de 100 000 à 200 000 ennemis politiques de Lénine La {Terreur} Rouge
36%
Police secrète créée en 1917 qui participa à cette grande répression La Tchéka
27%
Cause de la mort de Lénine le 21 janvier 1924, malgré des imprécisions sur les causes exactes Maladie (athérosclérose/dommages post-opération...)
26%
Premier parti politique rejoint par Lénine dont il provoquera une scission en 1903 Le parti Ouvrier Social-démocrate de Russie
19%
Femme ayant tiré et blessé Lénine lors d'une tentative d'assassinat en 1918 Fanny Kaplan
8%
Aucun quiz correspondant
Distribution des résultats
% des personnes avec chaque résultat
Percentile par nombre de réponses
Votre historique - résultats
Vous n’avez pas pris ce quiz